Anciens drapeaux de 28 pays #2 - Statistiques

Statistiques générales
  • Ce quiz a été pris 78 fois
  • Le résultat moyen est 14 sur 28
Statistiques - réponses
Par images Réponse % Correct
Népal
95%
Arabie saoudite
92%
Liban
92%
Albanie
84%
Kirghizistan
83%
Afghanistan
81%
Sri Lanka
81%
Burundi
72%
Mauritanie
70%
États-Unis
67%
Afrique du Sud
63%
Rwanda
61%
Libye
58%
Cambodge
56%
Macédoine du Nord
52%
RD Congo
45%
Thaïlande
44%
Papouasie-Nouvelle-Guinée
41%
Yémen
33%
Comores
30%
Finlande
30%
Tuvalu
27%
Irak
22%
Burkina Faso
9%
Cap-Vert
9%
République centrafricaine
6%
Tchéquie
6%
Uruguay
3%
Aucun quiz correspondant
Distribution des résultats
% des personnes avec chaque résultat
Percentile par nombre de réponses
Votre historique - résultats
Vous n’avez pas pris ce quiz